000 00437nam a2200205Ia 4500
001 12300
003 GE_BSU
008 181216s||||||||xx |||||||||||||| ||und||
020 _a9780552146395
040 _cGE_BSU
080 _a821.111-312.4
100 _aSteel,Danielle
245 _aLeap of Faith
260 _aLondon
260 _bCorgi books
260 _c2002
300 _a255p.18cm.
653 _aLeap of Faith
942 _cBK
999 _c45475
_d45475